| 000 | 00591nam a2200241Ia 4500 | ||
|---|---|---|---|
| 003 | OSt | ||
| 005 | 20220924150754.0 | ||
| 006 | a|||||r|||| 00| 0 | ||
| 007 | ta | ||
| 008 | 220923b |||||||| |||| 00| 0 ara d | ||
| 024 | _a334545 | ||
| 037 | _cTextual | ||
| 040 |
_aARTS _cARTS _bara |
||
| 041 |
_2ara _aara |
||
| 082 | _aNP46, 28K6 | ||
| 100 |
_aMasie Barisha Abdul Au. _9222883 |
||
| 245 | 0 | _aAbeez-o-asood | |
| 260 | _c1966 | ||
| 650 | _a DRAWING | ||
| 650 | _aARTS | ||
| 942 |
_hNP46, 28K6 _cTEXL _2CC |
||
| 999 |
_c464445 _d464445 |
||